La plus grosse valeur marchande par club de Premier League - Statistiques

Statistiques générales
  • Ce quiz a été pris 98 fois
  • Le résultat moyen est 11 sur 20
Statistiques - réponses
Club Valeur (Millions) Nationalité Joueur % Correct
Arsenal FC 140 Angleterre Bukayo Saka
100%
Manchester City 180 Norvège Erling Haaland
100%
Manchester United 70 Portugal Bruno Fernandes
92%
Chelsea FC 80 Angleterre Cole Palmer
92%
Newcastle United 85 Brésil Bruno Guimarães
87%
West Ham United 65 Brésil Lucas Paqueta
86%
FC Liverpool 75 Hongrie Dominik Szoboszlai
77%
Aston Villa 65 Angleterre Ollie Watkins
75%
Crystal Palace 55 Angleterre Eberechi Eze
68%
Tottenham Hotspur 70 Angleterre James Maddison
64%
FC Brentford 40 Cameroun Bryan Mbeumo
59%
Brighton & Hove Albion 50 République d'Irlande Evan Ferguson
57%
Wolverhampton Wanderers 45 Brésil Matheus Cunha
46%
Nottingham Forest 40 Angleterre Morgan Gibbs-White
29%
FC Everton 42 Angleterre Jarrad Branthwaite
19%
FC Fulham 35 Danemark Joachim Andersen
19%
AFC Bournemouth 35 Brésil Evanilson
16%
Leicester City 30 Maroc Bilal El Khannouss
15%
Ipswich Town 25 Angleterre Kalvin Phillips
11%
FC Southampton 25 Angleterre Aaron Ramsdale
9%
Aucun quiz correspondant
Distribution des résultats
% des personnes avec chaque résultat
Percentile par nombre de réponses
Votre historique - résultats
Vous n’avez pas pris ce quiz